Tabúes y preconceptos en materia de política fiscal Argentina (Registro nro. 18154)

Detalles MARC
000 -LEADER
fixed length control field 00354 a2200109 4500
001 - CONTROL NUMBER
control field ART_12966
005 - DATE AND TIME OF LATEST TRANSACTION
control field 20260410161734.0
008 - FIXED-LENGTH DATA ELEMENTS--GENERAL INFORMATION
fixed length control field 260409a
100 1# - MAIN ENTRY--PERSONAL NAME
Personal name Brodersohn, Mario S.
245 10 - TITLE STATEMENT
Title Tabúes y preconceptos en materia de política fiscal Argentina
773 0# - HOST ITEM ENTRY
Title Ejecutivos de finanzas
Related parts - Año 4, Nº 33 (nov. 1986)
Record control number REV2863

No hay ítems disponibles.